| 000 | 00369nam a2200145Ia 4500 | ||
|---|---|---|---|
| 008 | 150201s2003 xx 000 0 und d | ||
| 082 |
_a616.01 _bM2003B |
||
| 100 | _aBHATIA ,RAJESH | ||
| 245 | _aMICROBIOLOGY FOR DENTAL STUDENTS | ||
| 250 | _a3RD | ||
| 260 |
_bJAYPEE MEDICAL PUBLISHER _aDELHI _c2003 |
||
| 300 | _a1-334 | ||
| 650 | _aMICROBIOLOGY | ||
| 942 |
_2ddc _cBK _02 |
||
| 999 |
_c2832 _d2832 |
||